Gandalf... or Gandhi? - Statistics

General Stats
  • This quiz has been taken 335 times
  • The average score is 10 of 15
Answer Stats
Question Answer % Correct
It is not despair, for despair is only for those who see the end beyond all doubt. We do not. Gandalf
81%
Be the change that you wish to see in the world. Gandhi
79%
It is not our part here to take thought only for a season, or for a few lives of Men, or for a passing age of the world. Gandalf
77%
Only a small part is played in great deeds by any hero. Gandalf
77%
Hate the sin, love the sinner. Gandhi
76%
What weather they shall have is not ours to rule. Gandalf
71%
An eye for an eye will only make the whole world blind. Gandhi
71%
The treacherous are ever distrustful. Gandalf
68%
I will not say: do not weep; for not all tears are an evil. Gandalf
65%
Earth provides enough to satisfy every man's needs, but not every man's greed. Gandhi
65%
Where there is love there is life. Gandhi
64%
The weak can never forgive. Forgiveness is the attribute of the strong. Gandhi
63%
The future depends on what you do today. Gandhi
53%
He that breaks a thing to find out what it is has left the path of wisdom. Gandalf
45%
Whatever you do will be insignificant, but it is very important that you do it. Gandhi
41%
No matching quizzes found
Score Distribution
Percent of People with Each Score
Percentile by Number Answered
Your Score History
You have not taken this quiz